Oxford Advanced Learner's Dictionary of Current English L - Z /

Enregistré dans:
Détails bibliographiques
Auteur principal: Hornby, A.S (Auteur)
Format: Livre
Publié: Warszawa : Państwowe Wydawnictwo Naukowe, 1981
Tags: Ajouter un tag
Pas de tags, Soyez le premier à ajouter un tag!

MARC

LEADER 00000nam a22000003a 4500
001 stu20104
005 20150617225753.5
008 ------s1981----pl----------------------d
040 |a STU  |b slo 
041 0
044 |a pl 
080 |a 802.0 
100 1 |a Hornby, A.S.  |4 aut 
245 1 |a Oxford Advanced Learner's Dictionary of Current English L - Z /  |c [aut.]Hornby,A.S 
260 |a Warszawa :  |b Państwowe Wydawnictwo Naukowe,  |c 1981 
300 |a 469-1037 s 
996 |b C79330  |c C*79330  |l CCXV  |s P  |a 0  |w stu20104_0001